| 000 | 00390nam a2200157Ia 4500 | ||
|---|---|---|---|
| 008 | 160316s2001 xxu||||| |||| 00| 0 eng d | ||
| 082 |
_a342.540200 _bDAT |
||
| 100 | _aDatar Arvind P | ||
| 245 | _aConstitution of India | ||
| 250 | _a | ||
| 260 |
_aAgra _bWadhwa and Co. _c2001 |
||
| 300 |
_a1677p _b _cxli |
||
| 365 | _b Rs.990 | ||
| 650 | _a1. Constitutional Law - India | ||
| 700 |
_a _a |
||
| 999 |
_c22493 _d22493 |
||